| 000 | 00649nam a2200181Ia 4500 | ||
|---|---|---|---|
| 003 | GCL | ||
| 008 | 140319s9999 xx 000 0 ara d | ||
| 040 |
_aGCL / _cGCL |
||
| 082 | 0 | 4 |
_a938.09 _bم م |
| 100 | 1 | _aمحمود ابراهيم السعدنى | |
| 245 | 1 | 0 |
_aمعالم تاريخ روما القديم منذ نشأته وحتى نهاية القرن الاول الميلادى historia romana / _cمحمود ابراهيم السعدنى |
| 260 |
_a[S.N] : _bمكتبة نهضة الشرق ، _c1991 |
||
| 300 | _a210 ص | ||
| 490 | _a | ||
| 650 | 0 | 4 | _aتاريخ |
| 650 | 0 | 4 | _aالحضارة الرومانية |
| 942 |
_2ddc _cBK |
||
| 999 |
_c35314 _d35314 |
||